[Event "Cto Aragon Equipos Pref Gr II"]
[Site "Aragon"]
[Date "2018.02.17"]
[Round "4.61"]
[White "Avellanas Tomas, Jose"]
[Black "Barranco Mananet, Fernando"]
[Result "0-1"]
[WhiteElo "1949"]
[BlackElo "2026"]
[PlyCount "110"]
[EventDate "2018.??.??"]
[EventType "tourn"]
[EventRounds "9"]
[EventCountry "ESP"]
[WhiteTeam "Sabiñanigo"]
[BlackTeam "Monzon A"]

1. Nf3 e6 2. c4 Nf6 3. g3 b6 4. Bg2 Bb7 5. O-O c5 6. Nc3 Be7 7. d4 cxd4 8. Nxd4
Bxg2 9. Kxg2 O-O 10. e4 Nc6 11. Be3 Bb4 12. f3 Bxc3 13. Nxc6 dxc6 14. bxc3 h6
15. Qe2 Qe7 16. Rfd1 Rfd8 17. e5 Nd7 18. f4 Nf8 19. Rd4 c5 20. Rxd8 Rxd8 21.
Rd1 Rxd1 22. Qxd1 Qd7 23. Qxd7 Nxd7 24. Kf3 Nb8 25. Ke4 Nc6 26. g4 g6 27. h3 h5
28. Bd2 Na5 29. Kd3 Kf8 30. Be3 Ke7 31. Bf2 Kd7 32. Bh4 Kc6 33. Bd8 Nb7 34. Be7
b5 35. Bf8 bxc4+ 36. Kxc4 Na5+ 37. Kd3 Kd5 38. Be7 Nc4 39. Bf8 a5 40. Be7 a4
41. Bg5 a3 42. gxh5 gxh5 43. Bh6 Nb2+ 44. Kc2 Kc4 45. Bf8 Na4 46. Be7 Nb6 47.
f5 exf5 48. Bg5 Nd5 49. Bc1 Nxc3 50. Bxa3 Nxa2 51. Kd2 Nb4 52. Ke2 Kd5 53. Bb2
Nc6 54. Kf3 Nxe5+ 55. Kg3 Ng6 0-1

[Event "Cto Aragon Equipos Pref Gr II"]
[Site "Aragon"]
[Date "2018.02.17"]
[Round "4.62"]
[White "Garreta Crespo, Blas"]
[Black "Ainsa Claver, Ignacio"]
[Result "0-1"]
[WhiteElo "1787"]
[BlackElo "1927"]
[PlyCount "110"]
[EventDate "2018.??.??"]
[EventType "tourn"]
[EventRounds "9"]
[EventCountry "ESP"]
[WhiteTeam "Monzon A"]
[BlackTeam "Sabiñanigo"]

1. f4 d5 2. Nf3 g6 3. e3 Bg7 4. Nc3 Nf6 5. b3 Ne4 6. Bb2 O-O 7. Be2 c5 8. Rb1
Nc6 9. O-O Nxc3 10. Bxc3 d4 11. Bb2 Qb6 12. exd4 cxd4 13. d3 Nb4 14. Ne5 Nxa2
15. Bg4 Nc3 16. Bxc3 dxc3+ 17. Kh1 Qd4 18. Bxc8 Raxc8 19. Qf3 Rc7 20. Nc4 b5
21. Ne3 e6 22. Ng4 f5 23. Ne3 Re8 24. Rbe1 e5 25. g3 e4 26. dxe4 Rxe4 27. Re2
Qc5 28. Rfe1 Rce7 29. Nd1 Qd4 30. Rxe4 fxe4 31. Qe3 b4 32. Kg2 Kf7 33. Nf2 Qd2
34. Re2 Qxe3 35. Rxe3 Rd7 36. Nxe4 Rd1 37. Kf3 h6 38. Ke2 Rh1 39. Kd3 Rxh2 40.
Kc4 Bf8 41. Rd3 Rxc2 42. Rd7+ Ke6 43. Rxa7 Rg2 44. Ra1 Kf5 45. Kd3 Rb2 46. Ra5+
Kg4 47. Ra8 Be7 48. Ra7 Bd8 49. Ra8 Bb6 50. Ra6 Bf2 51. Rxg6+ Kf3 52. Nxc3 Rxb3
53. Rxh6 Rxc3+ 54. Kd2 Be3+ 55. Kd1 Rc1# 0-1

[Event "Cto Aragon Equipos Pref Gr II"]
[Site "Aragon"]
[Date "2018.02.17"]
[Round "4.63"]
[White "Escartin Buisan, Francisco Javie"]
[Black "Hidalgo Gracia, Andres"]
[Result "1/2-1/2"]
[WhiteElo "1788"]
[BlackElo "1774"]
[PlyCount "56"]
[EventDate "2018.??.??"]
[EventType "tourn"]
[EventRounds "9"]
[EventCountry "ESP"]
[WhiteTeam "Sabiñanigo"]
[BlackTeam "Monzon A"]

1. c4 c6 2. Nc3 d5 3. cxd5 cxd5 4. d4 Nf6 5. g3 Nc6 6. Bg2 e6 7. Nf3 Bd6 8. O-O
O-O 9. e3 Re8 10. a3 Na5 11. Nd2 Rb8 12. e4 dxe4 13. Ndxe4 Nxe4 14. Nxe4 Bc7
15. Be3 Nc4 16. Qc2 Nb6 17. Ng5 g6 18. Nf3 Nd5 19. Bg5 Qd7 20. Rac1 Bd6 21. Qd2
Bf8 22. Ne5 Qb5 23. Bxd5 exd5 24. Qf4 Be6 25. Rc7 Bd6 26. Bf6 Bf8 27. Bg5 Bd6
28. Bf6 Bf8 1/2-1/2

[Event "Cto Aragon Equipos Pref Gr II"]
[Site "Aragon"]
[Date "2018.02.17"]
[Round "4.64"]
[White "Garreta Nieto, Maria"]
[Black "Pardo Calvo, Carlos"]
[Result "1-0"]
[WhiteElo "1734"]
[BlackElo "1712"]
[PlyCount "77"]
[EventDate "2018.??.??"]
[EventType "tourn"]
[EventRounds "9"]
[EventCountry "ESP"]
[WhiteTeam "Monzon A"]
[BlackTeam "Sabiñanigo"]

1. d4 d5 2. Nf3 e6 3. Bf4 Nf6 4. e3 Bb4+ 5. c3 Be7 6. Nbd2 Nbd7 7. Rc1 c6 8.
Be2 O-O 9. O-O Re8 10. c4 dxc4 11. Nxc4 Nf8 12. h3 Ne4 13. Bd3 Nd6 14. Nfd2 Ng6
15. Bh2 Bf8 16. Qc2 Nb5 17. Nf3 Nd6 18. Nfd2 Nb5 19. Rfd1 Nc7 20. Nf3 Nd5 21.
Nfe5 Nb4 22. Qb3 Nxd3 23. Qxd3 Nxe5 24. Bxe5 f6 25. Bg3 b6 26. a3 b5 27. Nd2
Bb7 28. Ne4 Rc8 29. b4 f5 30. Nc5 Bxc5 31. dxc5 Qxd3 32. Rxd3 Re7 33. Rcd1 Kf7
34. Bh4 Rec7 35. Bd8 Kg6 36. Bxc7 Rxc7 37. Rd7 Rxd7 38. Rxd7 Bc8 39. Rc7 1-0

[Event "Cto Aragon Equipos Pref Gr II"]
[Site "Aragon"]
[Date "2018.02.17"]
[Round "4.65"]
[White "Melendez Fierro, Juan Bautista"]
[Black "Martinez Cebolla, Alberto"]
[Result "1-0"]
[WhiteElo "2117"]
[BlackElo "2087"]
[PlyCount "73"]
[EventDate "2018.??.??"]
[EventType "tourn"]
[EventRounds "9"]
[EventCountry "ESP"]
[WhiteTeam "El Olivar B"]
[BlackTeam "Ibercaja B"]

1. e4 e5 2. Nf3 Nc6 3. Bb5 Nf6 4. Nc3 Bd6 5. d3 h6 6. h3 O-O 7. O-O Re8 8. Ne2
Bf8 9. Ng3 a6 10. Bxc6 dxc6 11. Nh2 Bd6 12. Kh1 c5 13. Nh5 Be6 14. f4 Nxh5 15.
Qxh5 f6 16. f5 Bf7 17. Qh4 Bf8 18. Ng4 Kh7 19. Be3 Qd6 20. Bxh6 gxh6 21. Nxf6+
Kh8 22. Nxe8 Rxe8 23. g4 c4 24. Rad1 cxd3 25. cxd3 Bxa2 26. g5 Bb3 27. Rd2 Qb4
28. Rg2 Qd4 29. gxh6 Be7 30. f6 Qxd3 31. Rff2 Bd8 32. h7 Be6 33. Rg8+ Bxg8 34.
hxg8=Q+ Kxg8 35. f7+ Kg7 36. Qg4+ Kh6 37. fxe8=Q 1-0

[Event "Cto Aragon Equipos Pref Gr II"]
[Site "Aragon"]
[Date "2018.02.17"]
[Round "4.66"]
[White "Millan Martin, Alfonso"]
[Black "Veras Sanz, Marino"]
[Result "1/2-1/2"]
[WhiteElo "1931"]
[BlackElo "2090"]
[PlyCount "42"]
[EventDate "2018.??.??"]
[EventType "tourn"]
[EventRounds "9"]
[EventCountry "ESP"]
[WhiteTeam "Ibercaja B"]
[BlackTeam "El Olivar B"]

1. c4 c5 2. Nf3 Nf6 3. g3 g6 4. Bg2 Bg7 5. O-O O-O 6. d4 cxd4 7. Nxd4 Nc6 8.
Nc3 Qa5 9. Nxc6 dxc6 10. Qc2 Be6 11. Ne4 Nxe4 12. Bxe4 Rfd8 13. Bd3 Qe5 14. Be3
Rd7 15. b3 Qxa1 16. Rxa1 Bxa1 17. h4 Bd4 18. Bh6 Bg7 19. Be3 Bd4 20. Bh6 Bg7
21. Be3 Bd4 1/2-1/2

[Event "Cto Aragon Equipos Pref Gr II"]
[Site "Aragon"]
[Date "2018.02.17"]
[Round "4.67"]
[White "Gracia Campo, Carlos Alberto"]
[Black "Villalba Embid, Marcos"]
[Result "1-0"]
[WhiteElo "2058"]
[BlackElo "1874"]
[PlyCount "77"]
[EventDate "2018.??.??"]
[EventType "tourn"]
[EventRounds "9"]
[EventCountry "ESP"]
[WhiteTeam "El Olivar B"]
[BlackTeam "Ibercaja B"]

1. e4 c5 2. Nf3 d6 3. d4 cxd4 4. Qxd4 a6 5. Bc4 Nc6 6. Qd3 Bg4 7. Bf4 Nf6 8.
Nc3 Bxf3 9. Qxf3 g6 10. O-O-O Qa5 11. Bxd6 Bh6+ 12. Kb1 exd6 13. Qxf6 O-O 14.
Qxd6 Bg7 15. Nd5 Rad8 16. Qa3 Qxa3 17. bxa3 Ne5 18. Be2 Nd7 19. f4 Nf6 20.
Nxf6+ Bxf6 21. e5 Be7 22. Kb2 Rxd1 23. Rxd1 Rd8 24. Rxd8+ Bxd8 25. Kb3 Kf8 26.
Kc4 Ke7 27. Bg4 a5 28. Bc8 b6 29. Kd5 f6 30. Kc6 fxe5 31. fxe5 Kf7 32. h4 h6
33. g4 g5 34. h5 Ke7 35. Bd7 Kf7 36. Kb7 Kf8 37. c4 Ke7 38. Kc8 b5 39. c5 1-0

[Event "Cto Aragon Equipos Pref Gr II"]
[Site "Aragon"]
[Date "2018.02.17"]
[Round "4.68"]
[White "Rodriguez Portillo, Jorge"]
[Black "Arinez Bruna, Octavio"]
[Result "0-1"]
[WhiteElo "1666"]
[BlackElo "1906"]
[PlyCount "82"]
[EventDate "2018.??.??"]
[EventType "tourn"]
[EventRounds "9"]
[EventCountry "ESP"]
[WhiteTeam "Ibercaja B"]
[BlackTeam "El Olivar B"]

1. d4 Nf6 2. c4 c5 3. d5 e6 4. Nc3 exd5 5. cxd5 d6 6. e4 g6 7. h3 Bg7 8. Nf3
O-O 9. Bd3 b5 10. Nxb5 Re8 11. Nc3 Nxe4 12. Bxe4 Bf5 13. O-O Bxe4 14. Nxe4 Rxe4
15. Qc2 Re8 16. Rb1 Nd7 17. Bf4 Ne5 18. Nd2 Rb8 19. b3 Qh4 20. Bg3 Qd4 21. Nc4
Nxc4 22. bxc4 Bf8 23. Rb3 Rxb3 24. axb3 f5 25. Rd1 Qf6 26. f3 Bh6 27. Bf2 Bf4
28. g3 Be3 29. Re1 Qg5 30. Bxe3 Qxg3+ 31. Kf1 Qxf3+ 32. Qf2 Qxh3+ 33. Ke2 Re4
34. Qf3 Qh2+ 35. Kd1 Qe5 36. Re2 Qc3 37. Qf2 Qxb3+ 38. Ke1 Qc3+ 39. Kd1 Qd3+
40. Ke1 Qxc4 41. Kf1 Qxd5 0-1

[Event "División  Honor Aragonesa 2018 "]
[Site "Aragon"]
[Date "2018.02.24"]
[Round "5.1"]
[White "Del Rey, Diego"]
[Black "Forcen Esteban, Daniel"]
[Result "0-1"]
[WhiteElo "2323"]
[BlackElo "2541"]
[PlyCount "84"]
[EventDate "2018.??.??"]
[EventType "tourn"]
[EventRounds "10"]
[EventCountry "ESP"]
[WhiteTeam "El Olivar"]
[BlackTeam "Jaime Casas"]

1. Nf3 Nf6 2. d4 e6 3. g3 b5 4. Bg2 Bb7 5. Qd3 a6 6. a4 b4 7. Bg5 c5 8. c3 bxc3
9. bxc3 Be7 10. Nbd2 d5 11. O-O h6 12. Bf4 cxd4 13. cxd4 Nc6 14. Rfc1 O-O 15.
Qb1 Ra7 16. Nb3 a5 17. Ne5 Nb4 18. Nc5 Ba6 19. Qb2 Bd6 20. Bf1 Qe7 21. Bd2 Rb8
22. Rab1 Rc7 23. Nxa6 Nxa6 24. Qa1 Rxb1 25. Qxb1 Nb4 26. e3 Bxe5 27. dxe5 Ne4
28. Be1 Rc5 29. f3 Qg5 30. f4 Qe7 31. Bg2 Qc7 32. Rxc5 Qxc5 33. Bxe4 Qxe3+ 34.
Kf1 dxe4 35. Bxb4 axb4 36. Qxb4 Qd3+ 37. Kg1 Qd1+ 38. Kf2 Qf3+ 39. Kg1 Qe2 40.
Qb8+ Kh7 41. Qb1 g6 42. Qf1 Qd2 0-1

[Event "División  Honor Aragonesa 2018 "]
[Site "Aragon"]
[Date "2018.02.24"]
[Round "5.2"]
[White "Ramiro Ovejero, Juan Luis"]
[Black "Villuendas Valero, Adrian"]
[Result "1-0"]
[WhiteElo "2384"]
[BlackElo "2291"]
[PlyCount "73"]
[EventDate "2018.??.??"]
[EventType "tourn"]
[EventRounds "10"]
[EventCountry "ESP"]
[WhiteTeam "Jaime Casas"]
[BlackTeam "El Olivar"]

1. e4 e5 2. Nf3 Nc6 3. Bb5 Nf6 4. d3 Bc5 5. Bxc6 dxc6 6. h3 O-O 7. Be3 Bxe3 8.
fxe3 Qd6 9. O-O Be6 10. Nc3 Nd7 11. Qe1 c5 12. Rd1 f6 13. g4 Nb8 14. Qg3 Nc6
15. Rf2 Rad8 16. b3 a6 17. a4 Rd7 18. Kh2 Rdf7 19. Nh4 Ne7 20. Rdf1 Bd7 21. Nf5
Nxf5 22. exf5 Bc6 23. e4 Rd7 24. g5 Kh8 25. Rg2 Qe7 26. Qh4 Rdd8 27. Rfg1 b5
28. axb5 axb5 29. Nd1 c4 30. bxc4 bxc4 31. g6 h6 32. Nf2 Kg8 33. Ng4 Rd7 34.
Nxh6+ gxh6 35. g7 Kh7 36. gxf8=Q Qxf8 37. Rg6 1-0

[Event "División  Honor Aragonesa 2018 "]
[Site "Aragon"]
[Date "2018.02.24"]
[Round "5.3"]
[White "Palacios Latasa, Elias"]
[Black "Gines Esteo, Pedro Antonio"]
[Result "0-1"]
[WhiteElo "2210"]
[BlackElo "2386"]
[PlyCount "78"]
[EventDate "2018.??.??"]
[EventType "tourn"]
[EventRounds "10"]
[EventCountry "ESP"]
[WhiteTeam "El Olivar"]
[BlackTeam "Jaime Casas"]

1. e4 c6 2. Nf3 d5 3. exd5 cxd5 4. Ne5 Nc6 5. d4 Nf6 6. Bb5 Qa5+ 7. Nc3 Bd7 8.
Nxd7 Nxd7 9. O-O e6 10. Qg4 a6 11. Bxc6 bxc6 12. Re1 Nf6 13. Qh3 Be7 14. Bg5
O-O 15. Ne2 c5 16. c3 Rab8 17. b3 Rfc8 18. dxc5 Qxc5 19. Rac1 Ne4 20. Bxe7
Qxf2+ 21. Kh1 Qxe1+ 22. Rxe1 Nf2+ 23. Kg1 Nxh3+ 24. gxh3 f6 25. Nf4 Rxc3 26.
Rxe6 Kf7 27. Bd6 Re8 28. Rxe8 Kxe8 29. Bb4 Rc1+ 30. Kf2 Rc2+ 31. Ke3 Rxa2 32.
Kd4 Rxh2 33. Kxd5 g5 34. Ne6 Rxh3 35. Nd4 Re3 36. Bc5 g4 37. b4 g3 38. Nc2 Re5+
39. Kd6 Rxc5 0-1

[Event "División  Honor Aragonesa 2018 "]
[Site "Aragon"]
[Date "2018.02.24"]
[Round "5.4"]
[White "Fontana Sotomayor, Luis Javier"]
[Black "Hernando Garcia, Antonio"]
[Result "1-0"]
[WhiteElo "2239"]
[BlackElo "2158"]
[PlyCount "77"]
[EventDate "2018.??.??"]
[EventType "tourn"]
[EventRounds "10"]
[EventCountry "ESP"]
[WhiteTeam "Jaime Casas"]
[BlackTeam "El Olivar"]

1. d4 d5 2. Nf3 Nf6 3. e3 e6 4. Bd3 c5 5. b3 Nc6 6. Bb2 Bd6 7. O-O Qe7 8. Ne5
Bxe5 9. dxe5 Nd7 10. Qh5 g6 11. Qh6 Qf8 12. Qf4 Qg7 13. Bb5 a6 14. Bxc6 bxc6
15. Nd2 O-O 16. c4 a5 17. a4 Ba6 18. Rfc1 Rfc8 19. Bc3 Bb7 20. h4 h5 21. Nf3
Kf8 22. Ra2 Ke8 23. Ne1 Rcb8 24. Nf3 Ba6 25. Nd2 Bb7 26. Qg5 Qf8 27. Rac2 Rc8
28. Bb2 Rc7 29. Ba3 Rac8 30. e4 d4 31. Nf3 Qg7 32. Rd1 Ba8 33. Rcd2 Rb8 34.
Rxd4 Qf8 35. R4d3 Qe7 36. Qh6 Rbb7 37. Ng5 Qf8 38. Qh7 Rc8 39. Nxe6 1-0

[Event "División  Honor Aragonesa 2018 "]
[Site "Aragon"]
[Date "2018.02.24"]
[Round "5.5"]
[White "Romero Pallares, Daniel"]
[Black "Adla, Diego"]
[Result "1/2-1/2"]
[WhiteElo "2203"]
[BlackElo "2407"]
[PlyCount "48"]
[EventDate "2018.??.??"]
[EventType "tourn"]
[EventRounds "10"]
[EventCountry "ESP"]
[WhiteTeam "Palacio de Pioneros"]
[BlackTeam "St. Casablanca A"]

1. d4 Nf6 2. Nf3 c5 3. d5 g6 4. c4 Bg7 5. Nc3 O-O 6. g3 e6 7. Bg2 exd5 8. cxd5
d6 9. O-O Re8 10. Nd2 a6 11. a4 Nbd7 12. a5 b5 13. axb6 Nxb6 14. Nb3 Bd7 15.
Na5 Qc7 16. Nc6 Bxc6 17. dxc6 d5 18. Nxd5 Nbxd5 19. Bxd5 Nxd5 20. Qxd5 Re5 21.
Bf4 Rxd5 22. Bxc7 Rc8 23. Bf4 Rxc6 24. Ra2 c4 1/2-1/2

[Event "División  Honor Aragonesa 2018 "]
[Site "Aragon"]
[Date "2018.02.24"]
[Round "5.6"]
[White "Glavina, Pablo"]
[Black "Palacios Herrero, Pablo"]
[Result "1/2-1/2"]
[WhiteElo "2394"]
[BlackElo "2165"]
[PlyCount "118"]
[EventDate "2018.??.??"]
[EventType "tourn"]
[EventRounds "10"]
[EventCountry "ESP"]
[WhiteTeam "St. Casablanca A"]
[BlackTeam "Palacio de Pioneros"]

1. c4 e6 2. Nf3 d5 3. g3 Nf6 4. Bg2 Be7 5. O-O O-O 6. d4 dxc4 7. Qc2 a6 8. a4
Bd7 9. Rd1 Bc6 10. Nc3 Bxf3 11. Bxf3 Nc6 12. Bxc6 bxc6 13. Bg5 Nd5 14. Bxe7
Nxe7 15. Ne4 Qd5 16. e3 Rfb8 17. Nd2 Rb4 18. Rac1 Qa5 19. Ra1 Qd5 20. Rac1 Qa5
21. Nxc4 Qxa4 22. Ne5 Qxc2 23. Rxc2 Rab8 24. Rdd2 g6 25. Kf1 a5 26. Ke2 a4 27.
Nd3 R4b6 28. e4 Kg7 29. Rd1 Rb3 30. Ra1 Ra8 31. Ra3 Rxa3 32. bxa3 Nc8 33. Rxc6
Nd6 34. Nb4 Nxe4 35. Rxc7 Nd6 36. Rc5 Rb8 37. Ra5 Nc4 38. Rxa4 Nxa3 39. Nd3 Nb5
40. Rb4 Nc3+ 41. Kd2 Ne4+ 42. Ke3 Rxb4 43. Nxb4 Nd6 44. g4 Kf6 45. Kf4 h6 46.
h3 g5+ 47. Ke3 Kg6 48. Nd3 Nc4+ 49. Kf3 Kf6 50. Kg3 Nd2 51. Nc5 Ke7 52. f3 Nc4
53. f4 Nd2 54. h4 f6 55. fxg5 fxg5 56. h5 Kd6 57. Nb7+ Kc7 58. Nc5 Kd6 59. Nb7+
Kc7 1/2-1/2

[Event "División  Honor Aragonesa 2018 "]
[Site "Aragon"]
[Date "2018.02.24"]
[Round "5.7"]
[White "Dan, Teodor"]
[Black "Quintin Navarro, Alberto"]
[Result "0-1"]
[WhiteElo "2164"]
[BlackElo "2380"]
[PlyCount "106"]
[EventDate "2018.??.??"]
[EventType "tourn"]
[EventRounds "10"]
[EventCountry "ESP"]
[WhiteTeam "Palacio de Pioneros"]
[BlackTeam "St. Casablanca A"]

1. d4 Nf6 2. c4 e6 3. Nc3 Bb4 4. Qc2 d6 5. a3 Bxc3+ 6. Qxc3 b6 7. Bg5 Bb7 8. e3
Nbd7 9. Ne2 O-O 10. Qd3 h6 11. Bh4 c5 12. Nc3 cxd4 13. Qxd4 Qb8 14. Rd1 d5 15.
cxd5 Nxd5 16. Nxd5 Bxd5 17. e4 Bc6 18. b4 Ba4 19. Rb1 Rc8 20. Bg3 e5 21. Qe3
Qc7 22. Be2 Qc2 23. O-O Rc3 24. Qc1 Rac8 25. Qxc2 Bxc2 26. Ba6 R8c7 27. Ra1
Bxe4 28. Rfe1 Bd3 29. Bxd3 Rxd3 30. f4 exf4 31. Re8+ Kh7 32. Bxf4 Rc4 33. Bg3
Rd2 34. Ra8 Rcc2 35. Kh1 Ra2 36. Rf1 Rxa3 37. Bf4 Rf2 38. Kg1 Rxf1+ 39. Kxf1
Nf6 40. b5 Ra5 41. Kf2 Kg6 42. Kf3 Rxb5 43. Rxa7 Rb3+ 44. Ke2 b5 45. Rb7 Rb2+
46. Kf3 Rb3+ 47. Ke2 b4 48. Bd2 Ne4 49. Bxb4 Nc3+ 50. Kd2 Nd5 51. Rd7 Nxb4 52.
Rb7 Rb2+ 53. Kc3 Rxg2 0-1

[Event "División  Honor Aragonesa 2018 "]
[Site "Aragon"]
[Date "2018.02.24"]
[Round "5.8"]
[White "Chueca Lorente, Javier"]
[Black "Baquedano Coarasa, Pablo"]
[Result "0-1"]
[WhiteElo "2134"]
[BlackElo "2156"]
[PlyCount "66"]
[EventDate "2018.??.??"]
[EventType "tourn"]
[EventRounds "10"]
[EventCountry "ESP"]
[WhiteTeam "St. Casablanca A"]
[BlackTeam "Palacio de Pioneros"]

1. d4 Nf6 2. c4 g6 3. Nc3 Bg7 4. e4 d6 5. Be2 O-O 6. Nf3 e5 7. d5 a5 8. Bg5 Na6
9. Nd2 Qe8 10. O-O Bd7 11. a3 a4 12. b4 axb3 13. Nxb3 Ba4 14. Nxa4 Qxa4 15. f3
Nd7 16. Be3 Nac5 17. Nxc5 Nxc5 18. Bxc5 dxc5 19. Qxa4 Rxa4 20. Rfb1 Rb8 21. Rc1
Rba8 22. Rc3 Rb4 23. Rcc1 Rb2 24. Bd1 Bh6 25. Rc3 Ra6 26. a4 Rab6 27. Kf1 R6b4
28. Raa3 Rd2 29. Rd3 Rxc4 30. Be2 Rc1+ 31. Kf2 c4 32. Rdc3 Rb1 33. Rxc4 Rbb2
0-1

[Event "División  Honor Aragonesa 2018 "]
[Site "Aragon"]
[Date "2018.02.24"]
[Round "5.9"]
[White "Cifuentes Parada, Roberto"]
[Black "Lana Rodriguez, David"]
[Result "1-0"]
[WhiteElo "2465"]
[BlackElo "2275"]
[PlyCount "159"]
[EventDate "2018.??.??"]
[EventType "tourn"]
[EventRounds "10"]
[EventCountry "ESP"]
[WhiteTeam "Jaque"]
[BlackTeam "Agrupacion"]

1. d4 Nf6 2. Nf3 d5 3. c4 e6 4. g3 dxc4 5. Qa4+ Nbd7 6. Bg2 Bd6 7. Nbd2 a6 8.
Nxc4 b5 9. Nxd6+ cxd6 10. Qa3 (10. Qb4 Nb6 11. Bf4 Ke7 12. Ne5 Nfd5 13. Nc6+
Ke8 14. Qa3 Qd7 15. Na5 b4) 10... Nb6 11. b3 a5 12. Ng5 Nbd5 13. Bd2 h6 14. Nh3
Bb7 15. O-O b4 16. Qb2 Ba6 17. Rfe1 Rc8 18. a3 Qb6 19. axb4 axb4 20. Qa2 Bb7
21. Qa7 Qxa7 22. Rxa7 Bc6 23. e4 Nc3 24. d5 Bd7 25. Rb7 (25. dxe6 Bxe6 26. Rb7
(26. Nf4 Bxb3 27. Rb7 O-O 28. Rxb4 Bc2 29. h4 $14)) 25... O-O 26. dxe6 Bxe6 27.
Rxb4 Ncxe4 28. Rbxe4 Nxe4 29. Rxe4 Bxb3 30. Nf4 Rfd8 31. h4 d5 32. Rd4 Rc4 33.
Rd3 Bc2 34. Ra3 Ra4 35. Rc3 Ra1+ 36. Kh2 Be4 37. Bxe4 dxe4 38. Rc2 Raa8 39. Be3
Rac8 40. Re2 Rc4 41. g4 Kh7 42. Ra2 Rd7 43. Ra1 Rb4 44. Ne2 Rb2 45. Ng3 Rb4 46.
Ra5 Rdb7 47. Kh3 R7b5 48. Ra6 Re5 49. g5 hxg5 50. hxg5 Re6 51. Ra7 Kg6 52. Kg4
Rb1 53. Ra4 f6 54. gxf6 gxf6 55. Kf4 Rb5 56. Ra7 Rg5 57. Bd4 Rd5 58. Ra4 Rg5
59. Ra8 Rd5 60. Be3 Rde5 61. Rg8+ Kf7 62. Rg4 Ra6 63. Rh4 Ra4 64. Kg4 Ke6 65.
Rh6 Ra8 66. Bd4 Rea5 67. Rxf6+ Kd5 68. Be3 Re8 69. Kf4 Ra4 70. Nf5 Re6 71. Rf8
Kc4 72. Rc8+ Kd3 73. Rd8+ Kc3 74. Bd2+ Kc2 75. Ne3+ Kb3 76. Rb8+ Ka2 77. Bc3
Ra7 78. Rb2+ Ka3 79. Nc4+ Ka4 80. Rb4# 1-0

[Event "División  Honor Aragonesa 2018 "]
[Site "Aragon"]
[Date "2018.02.24"]
[Round "5.10"]
[White "Ramon Perez, Jose Luis"]
[Black "Eizaguerri Floris, Maria"]
[Result "1/2-1/2"]
[WhiteElo "2215"]
[BlackElo "2119"]
[PlyCount "140"]
[EventDate "2018.??.??"]
[EventType "tourn"]
[EventRounds "10"]
[EventCountry "ESP"]
[WhiteTeam "Agrupacion"]
[BlackTeam "Jaque"]

1. e4 c5 2. Nf3 e6 3. d3 Nc6 4. g3 d5 5. Qe2 Nge7 6. Bg2 g6 7. h4 h5 8. c3 Bg7
9. O-O O-O 10. Re1 b5 11. exd5 exd5 12. Bg5 Re8 13. d4 c4 14. Ne5 Nxe5 15. dxe5
Be6 16. Na3 Qa5 17. Qd2 Rad8 18. Nc2 Qc7 19. Nd4 Qb6 20. a3 Rd7 21. Bf6 Nf5 22.
Bxg7 Kxg7 23. Rad1 Nxd4 24. Qxd4 Qxd4 25. Rxd4 Red8 26. Red1 a5 27. Bf3 b4 28.
Kg2 Kf8 29. axb4 axb4 30. g4 hxg4 31. Bxg4 Bxg4 32. Rxg4 bxc3 33. bxc3 Ke7 34.
Kf3 Ke6 35. Ke3 Kxe5 36. Rg5+ Kf6 37. Kd4 Rh8 38. Rg4 Rh5 39. Ra1 Re7 40. Rf4+
Kg7 41. Ra5 Rd7 42. Ra8 Rd6 43. Ra5 Rd7 44. Ra6 Kg8 45. Ra8+ Kg7 46. Re8 Rd6
47. Re5 Rxe5 48. Kxe5 Rd8 49. Rd4 Kh6 50. Rxd5 Re8+ 51. Kd4 Re2 52. Kxc4 Rxf2
53. Rd4 f5 54. Kd5 f4 55. c4 Kh5 56. c5 Kg4 57. c6 Re2 58. Re4 Ra2 59. c7 Ra8
60. Rc4 Rc8 61. Ke5 Kxh4 62. Kxf4 g5+ 63. Kf5+ Kh5 64. Rc6 g4 65. Kf4 Rf8+ 66.
Kg3 Rc8 67. Rc5+ Kg6 68. Kxg4 Kf6 69. Kf4 Ke6 70. Ke4 Kd7 1/2-1/2

[Event "División  Honor Aragonesa 2018 "]
[Site "Aragon"]
[Date "2018.02.24"]
[Round "5.11"]
[White "Escartin Lacasa, Jose"]
[Black "Lacruz Algarate, Alvaro"]
[Result "0-1"]
[WhiteElo "2025"]
[BlackElo "2113"]
[PlyCount "42"]
[EventDate "2018.??.??"]
[EventType "tourn"]
[EventRounds "10"]
[EventCountry "ESP"]
[WhiteTeam "Jaque"]
[BlackTeam "Agrupacion"]

1. d4 Nf6 2. Nf3 e6 3. e3 b6 4. Bd3 Bb7 5. O-O Be7 6. c4 c5 7. Nc3 cxd4 8. exd4
d5 9. cxd5 Nxd5 10. Bb5+ Bc6 11. Qa4 Qd7 12. Bxc6 Nxc6 13. Nxd5 Qxd5 14. Ne5 b5
15. Qa6 Nb4 16. Qa5 Nc2 17. Qc7 Nxa1 18. Bg5 f6 19. Nc6 Qd7 20. Qxd7+ Kxd7 21.
Nxe7 fxg5 0-1

[Event "División  Honor Aragonesa 2018 "]
[Site "Aragon"]
[Date "2018.02.24"]
[Round "5.12"]
[White "Moreno Martin-Viveros, Alvaro"]
[Black "Roque Sola, Andrea"]
[Result "1/2-1/2"]
[WhiteElo "2089"]
[BlackElo "1921"]
[PlyCount "75"]
[EventDate "2018.??.??"]
[EventType "tourn"]
[EventRounds "10"]
[EventCountry "ESP"]
[WhiteTeam "Agrupacion"]
[BlackTeam "Jaque"]

1. e4 e6 2. d4 d5 3. Bd3 Nf6 4. e5 Nfd7 5. f4 c5 6. c3 Nc6 7. Nf3 Be7 8. O-O f6
9. Ng5 Nf8 10. exf6 Bxf6 11. dxc5 Qe7 12. f5 Qxc5+ 13. Kh1 Ne5 14. b4 Qe7 15.
Bb5+ Bd7 16. Bxd7+ Qxd7 17. Re1 Qe7 18. Bf4 Bxg5 19. Bxe5 Nd7 20. Qh5+ Kf8 21.
fxe6 Nxe5 22. Rxe5 Bf6 23. Re2 d4 24. Qf3 Rc8 25. Nd2 Rxc3 26. Qf4 Qc7 27. e7+
Kf7 28. Qf5 Rc1+ 29. Rxc1 Qxc1+ 30. Nf1 Qc4 31. Qh5+ g6 32. Qxh7+ Rxh7 33.
e8=Q+ Kg7 34. Qd7+ Kh6 35. Qh3+ Kg7 36. Qd7+ Kh6 37. Qh3+ Kg7 38. Qd7+ 1/2-1/2

[Event "División  Honor Aragonesa 2018 "]
[Site "Aragon"]
[Date "2018.02.24"]
[Round "5.13"]
[White "Colas Longares, Rafael P"]
[Black "Cebollada Pacheco, Jesus Raul"]
[Result "1-0"]
[WhiteElo "2324"]
[BlackElo "2042"]
[PlyCount "125"]
[EventDate "2018.??.??"]
[EventType "tourn"]
[EventRounds "10"]
[EventCountry "ESP"]
[WhiteTeam "Enroque S.M.A."]
[BlackTeam "St. Casablanca B"]

1. e4 e5 2. Nf3 Nc6 3. Bb5 a6 4. Ba4 Nf6 5. O-O Be7 6. Re1 b5 7. Bb3 d6 8. c3
O-O 9. d4 Bg4 10. Be3 exd4 11. cxd4 Na5 12. Bc2 Nc4 13. Bc1 c5 14. b3 Nb6 15.
Nbd2 cxd4 16. h3 Bh5 17. Bb2 Rc8 18. Bxd4 Nfd7 19. g4 Bg6 20. Nf1 Bf6 21. Ng3
Ne5 22. Nxe5 dxe5 23. Be3 Qxd1 24. Bxd1 Rc6 25. Be2 Rfc8 26. a4 bxa4 27. Bxa6
Rb8 28. Bb5 Rc3 29. bxa4 Nc4 30. Bxc4 Rxc4 31. a5 Bxe4 32. Nxe4 Rxe4 33. a6 Rc4
34. a7 Ra8 35. Rab1 Rcc8 36. Rec1 Re8 37. g5 Bxg5 38. Bxg5 Rxa7 39. Rc6 f6 40.
Be3 Rd7 41. Rcb6 Kf7 42. Rb7 Ree7 43. Rxd7 Rxd7 44. Ra1 Kg6 45. Ra7 Rd8 46. Re7
Rc8 47. Kg2 h5 {(=)} 48. Kf3 Rc4 49. Rb7 Kh7 50. Bd2 Kg6 51. Bb4 Rc8 52. Ke4
Rc4+ 53. Kd5 Rf4 54. Bc5 Rh4 55. Ke6 Rxh3 56. Bf8 Kg5 57. Rxg7+ Kf4 58. Bc5 Rc3
59. Be3+ Kf3 60. Kxf6 e4 61. Rg3+ Ke2 62. Kf5 Rc4 63. Rh3 1-0